000 00511cam a2200205ua 4500
001 10904
005 20260515114656.0
008 190618n ii |||gr||||Z||||||eng
020 _a9788194088431
040 _cMAIN
041 _aeng
082 _a370.1
100 _aSunita Agarwalla,
_eAuthor.
245 _aSociological foundations of education
_cBy Sunita Agarwalla
250 _a1st ed.
260 _aDibrugarh:
_bMahaveer publications,
_c2019.
300 _a158p.
653 _aEducation
942 _cBK
999 _c9850
_d9850